000 00300nam a2200121Ia 4500
008 220204s9999 xx 000 0 und d
082 _a631.8:31
_bFER
245 0 _aFertiliser statistics 1986-87
250 _aEd.32
260 _aNew Delhi
_bFAI
_c1987
650 _aFertilizer statistics
942 _cBK
999 _c44976
_d44976